Normal view
MARC view
- Patil Manali- 2K221119 & Dr. Sneha Arekar– Guide
Entry Personal Name
001 - CONTROL NUMBER
- control field: 208214
003 - CONTROL NUMBER IDENTIFIER
- control field: OSt
005 - DATE AND TIME OF LATEST TRANSACTION
- control field: 20240812142057.0
008 - FIXED-LENGTH DATA ELEMENTS
- fixed length control field: 240812|| aca||aabn | a|a d
040 ## - CATALOGING SOURCE
- Original cataloging agency: OSt
- Transcribing agency: OSt
100 ## - HEADING--PERSONAL NAME
- Personal name: Patil Manali- 2K221119 & Dr. Sneha Arekar– Guide
670 ## - SOURCE DATA FOUND
- Source citation: Work cat.: (OSt)359452: Patil Manali- 2K221119 & Dr. Sneha Arekar– Guide , A Study on Analysis of Training and Development program Practised in the Organization at GNS Technology Pvt. Ltd., March-2024